00613 2200217 4500001002100000005001500021035002000036008004100056245006600097100001700163260004400180300003100224020002200255084001800277082001100295650002300306863002000329700002400349990001100373990001100384INLIS00000000001184720220620094450 a0010-0622000357220620 a 0 ind 1 aTidak Terbakar Api /cAli Muakhir; editor, Safitri Lusiana D. aALI, Muakhir aBandung :bSygma Media Inovasi,c[s.a.] a22 hal. :bilus. ;c19 cm. a978-623-92873-3-7 a297.161 ALI t a297161 4aISLAM. CERITA ANAK aKisah Ulul Azmi0 aSAFITRI, Lusiana D. a7734 a a7734 b